[Event "ch-POR Blitz 2017"]
[Site "Almada POR"]
[Date "2017.06.10"]
[Round "6.5"]
[White "Pereira,Rub"]
[Black "Ferreira,C1"]
[Result "1-0"]
[WhiteElo "2416"]
[BlackElo "2024"]

1.e4 e5 2.Nc3 Nf6 3.g3 Bc5 4.Bg2 d6 5.Nf3 Nc6 6.O-O Be6 7.h3 Qd7 8.Kh2 O-O
9.Ng5 h6 10.Nxe6 fxe6 11.d3 Rf7 12.f4 exf4 13.Bxf4 e5 14.Bd2 Raf8 15.Na4 Bb6
16.Nxb6 axb6 17.c3 Qe7 18.Be3 Nh7 19.Qb3 Kh8 20.Rxf7 Qxf7 21.Qd1 Qe7 22.Qg4
Nf6 23.Qe2 Nd7 24.d4 Rf7 25.d5 Ncb8 26.b4 Nf6 27.a4 Nbd7 28.c4 Rf8 29.Ra3 Ra8
30.Qa2 Qe8 31.a5 bxa5 32.Rxa5 Rxa5 33.Qxa5 Qb8 {#r} 1-0

[Event "ch-POR Blitz 2017"]
[Site "Almada POR"]
[Date "2017.06.10"]
[Round "7.2"]
[White "Damaso,R"]
[Black "Rego,P"]
[Result "1-0"]
[WhiteElo "2434"]
[BlackElo "2245"]

1.Nf3 g6 2.e4 Bg7 3.d4 c6 4.Nc3 d5 5.Bd3 Bg4 6.O-O e6 7.h3 Bxf3 8.Qxf3 Ne7
9.e5 O-O 10.Bg5 Nd7 11.Rad1 a6 12.Ne2 c5 13.c3 cxd4 14.cxd4 Nb6 15.h4 Qd7
16.h5 Rfc8 17.Bf6 Bf8 18.hxg6 fxg6 19.Nf4 Nf5 20.Bxf5 exf5 21.e6 Qd6 22.Be5
Qd8 23.Qg3 Bg7 24.Bxg7 Kxg7 25.Nh5+ Kh6 26.Nf4 Qe7 27.Rd3 Rc2 28.Qe3 Kg7
29.Qe5+ Qf6 30.Nh5+ gxh5 31.Rg3+ {#r} 1-0

[Event "ch-POR Blitz 2017"]
[Site "Almada POR"]
[Date "2017.06.10"]
[Round "7.3"]
[White "Andrade,B"]
[Black "Pereira,Rub"]
[Result "1-0"]
[WhiteElo "2022"]
[BlackElo "2416"]

1.e4 c5 2.Nf3 d6 3.d4 cxd4 4.Nxd4 Nf6 5.Nc3 a6 6.h3 e5 7.Nb3 Be6 8.Bg5 Be7
9.g3 Nbd7 10.Bg2 b5 11.Qd2 Nb6 12.O-O-O b4 13.Ne2 a5 14.Kb1 Qc7 15.f4 Nc4
16.Qd3 a4 17.f5 axb3 18.cxb3 Qa7 19.Nc1 Nxb2 20.Kxb2 Bd7 21.Bxf6 gxf6 22.Bf1
Rc8 23.Qd2 d5 24.Qxd5 Bc5 25.Bc4 Bd4+ 26.Kb1 Bc6 27.Bb5 Qb7 28.Bxc6+ Rxc6
29.g4 O-O 30.g5 fxg5 31.h4 g4 32.h5 Rfc8 33.h6 Rc2 34.Rxd4 Qa7 35.Qxe5 Rg2
36.Qg7# 1-0

[Event "ch-POR Blitz 2017"]
[Site "Almada POR"]
[Date "2017.06.10"]
[Round "7.6"]
[White "Dias,Ricardo Pedro Cruz"]
[Black "Ribeiro,B"]
[Result "1-0"]
[WhiteElo "2196"]
[BlackElo "2120"]

1.e4 e6 2.d4 d5 3.Nd2 Nf6 4.e5 Nfd7 5.Bd3 c5 6.c3 Nc6 7.Ne2 cxd4 8.cxd4 Qb6
9.Nf3 f6 10.exf6 Nxf6 11.O-O Bd6 12.Nc3 O-O 13.a3 Bd7 14.Be3 Rae8 15.b4 Qd8
16.Qb3 Ng4 17.Be2 Rxf3 18.Bxf3 Bxh2+ 19.Kh1 Qh4 20.Bxg4 Bb8+ 21.Bh3 g5 22.Nxd5
exd5 23.Qxd5+ Be6 24.Qxg5+ Qxg5 25.Bxg5 Bxh3 26.gxh3 Nxd4 27.Be3 Nc2 28.Rac1
Nxa3 29.Rfd1 Nb5 30.Rd7 b6 31.Rg1+ Kh8 32.Rgg7 {#r} 1-0

[Event "ch-POR Blitz 2017"]
[Site "Almada POR"]
[Date "2017.06.10"]
[Round "7.7"]
[White "Pacheco,Joa"]
[Black "Veiga,Jose Francisco R P Neves"]
[Result "0-1"]
[WhiteElo "2126"]
[BlackElo "2083"]

1.d4 Nf6 2.Nf3 g6 3.c3 Bg7 4.Nbd2 O-O 5.e4 d6 6.Qc2 Nbd7 7.Be2 e5 8.h3 c5
9.dxe5 dxe5 10.a4 b6 11.Nc4 Qc7 12.Be3 Bb7 13.Nfd2 Rfd8 14.O-O Nf8 15.Rad1 Ne6
16.g3 a6 17.f3 Bc6 18.Na3 Nh5 19.Kg2 Bb7 20.Ndc4 h6 21.h4 Bc6 22.Rxd8+ Rxd8
23.Rd1 b5 24.axb5 axb5 25.Rxd8+ Qxd8 26.Nd2 c4 27.b3 f5 28.exf5 cxb3 29.Qxb3
Bd5 30.Qxb5 gxf5 31.Bc4 Bxc4 32.Qxc4 Qf6 33.Nb5 Kh7 34.Qd3 Kh8 35.Nd6 f4
36.gxf4 Nhxf4+ {#R} 0-1

[Event "ch-POR Blitz 2017"]
[Site "Almada POR"]
[Date "2017.06.10"]
[Round "8.2"]
[White "Fernandes,Ant"]
[Black "Andrade,B"]
[Result "1-0"]
[WhiteElo "2468"]
[BlackElo "2022"]

1.d4 e6 2.Nf3 f5 3.c4 Nf6 4.Nc3 d5 5.g3 Be7 6.Bg2 O-O 7.O-O c6 8.b3 Nbd7 9.Qc2
b6 10.Bf4 Ne4 11.Ne5 Nxe5 12.Bxe5 Ba6 13.Nxe4 fxe4 14.Bh3 Qd7 15.f3 exf3
16.Rxf3 Rxf3 17.exf3 Rf8 18.f4 Bf6 19.Qe2 Bxe5 20.Qxe5 Rf6 21.Re1 Kf7 22.Rc1
dxc4 23.bxc4 Qe7 24.c5 bxc5 25.dxc5 Qd7 26.Qd6 Qxd6 27.cxd6 Bb5 28.Bg2 Rf5
29.Bxc6 Bxc6 {#r} 1-0

[Event "ch-POR Blitz 2017"]
[Site "Almada POR"]
[Date "2017.06.10"]
[Round "8.4"]
[White "Veiga,Jose Francisco R P Neves"]
[Black "Pires,E"]
[Result "0-1"]
[WhiteElo "2083"]
[BlackElo "2054"]

1.e4 d6 2.d4 Nf6 3.Nc3 g6 4.f3 Bg7 5.Be3 c6 6.Qd2 b5 7.a4 b4 8.Na2 a5 9.c3
bxc3 10.bxc3 O-O 11.Bd3 Nbd7 12.Ne2 c5 13.O-O Ba6 14.Bxa6 Rxa6 15.Rab1 Qc7
16.Nac1 Nb6 17.Nd3 Nc4 18.Qc1 Nxe3 19.Qxe3 cxd4 20.cxd4 Qd7 21.Rb5 Rc8 22.Rc1
e6 23.Nb2 Ne8 24.Rc3 Rc7 25.Nc4 Rac6 26.Nxa5 Rxc3 27.Nxc3 Qc8 28.Ne2 Rc2
29.Qd3 Bf8 30.Nb3 Ra2 31.a5 Qa6 32.Nec1 Ra3 33.Rb6 Qc8 34.Qd2 Nf6 35.Qb2 Ra4
36.Nd3 Rc4 37.a6 Rc2 38.Qa3 Qc4 39.Na5 Qxd4+ 40.Kh1 Qxd3 41.Qa1 Qc3 42.Qxc3
Rxc3 43.a7 Rc1# 0-1

[Event "ch-POR Blitz 2017"]
[Site "Almada POR"]
[Date "2017.06.10"]
[Round "8.5"]
[White "Carneiro,C"]
[Black "Rocha,S"]
[Result "1-0"]
[WhiteElo "2175"]
[BlackElo "2383"]

1.d4 c5 2.d5 e5 3.e4 d6 4.Nc3 Be7 5.Nge2 Nd7 6.g3 h5 7.h4 Ngf6 8.Bg2 Ng4 9.f3
Ngf6 10.Be3 Nb6 11.b3 Bd7 12.Qd2 Qc7 13.a4 Nc8 14.O-O a6 15.Kh2 Na7 16.Ng1 Nh7
17.Bh3 O-O-O 18.Nd1 f6 19.Nb2 g5 20.Nc4 gxh4 21.gxh4 f5 22.exf5 Bxh4 23.a5 Kb8
24.Ne2 Rhg8 25.Rg1 Nf6 26.Nc3 Nb5 27.Ne4 Rdf8 28.Rg6 Rxg6 29.fxg6 Nxe4 30.fxe4
Nd4 31.Bxd4 cxd4 32.Rf1 Rg8 33.Qh6 Be7 34.Qh7 Bxh3 35.Kxh3 Qc8+ 36.Kh2 Bd8
37.Qxg8 Ka7 38.Qe6 Qc7 39.Rf7 Qc5 40.Qxd6 {#r} 1-0

[Event "ch-POR Blitz 2017"]
[Site "Almada POR"]
[Date "2017.06.10"]
[Round "8.7"]
[White "Pereira,Rub"]
[Black "Martins,Andr"]
[Result "1-0"]
[WhiteElo "2416"]
[BlackElo "2053"]

1.e4 d6 2.d4 Nf6 3.Nc3 g6 4.Be3 Bg7 5.Qd2 c6 6.f3 Qc7 7.O-O-O b5 8.g4 O-O 9.h4
h5 10.Bh6 e5 11.Nge2 hxg4 12.h5 gxf3 13.Ng3 b4 14.Bxg7 Kxg7 15.dxe5 dxe5
16.hxg6 fxg6 17.Bc4 Ng8 18.Nh5+ {#r} 1-0

[Event "ch-POR Blitz 2017"]
[Site "Almada POR"]
[Date "2017.06.10"]
[Round "9.3"]
[White "Silva,Mi3"]
[Black "Dias,P"]
[Result "1-0"]
[WhiteElo "2213"]
[BlackElo "2320"]

1.d4 d6 2.Nf3 g6 3.e4 Bg7 4.c4 Nc6 5.Be3 Bg4 6.Be2 e5 7.d5 Bxf3 8.Bxf3 Nd4
9.Nd2 c5 10.dxc6 bxc6 11.O-O Ne7 12.Bxd4 exd4 13.c5 dxc5 14.Rc1 O-O 15.Rxc5
Qb6 16.Qc2 Rab8 17.b3 Rfd8 18.Qc4 h5 19.g3 Bh6 20.Rd1 Qb4 21.Qxb4 Rxb4 22.Nc4
Bg7 23.e5 Rb5 24.Rxb5 cxb5 25.Nd6 a6 26.Nb7 Rc8 27.Rxd4 Bxe5 28.Rd7 Rc7
29.Rd8+ Kg7 30.Ra8 Rc2 31.Rd8 Nf5 32.Rd7 Bd4 33.Bd5 Rxf2 34.Bxf7 Rd2+ 35.Kf1
Ne3+ 36.Ke1 Rd1+ 37.Ke2 Kf6 38.Bg8 Nf5 39.Rf7+ Kg5 40.Kxd1 Ne3+ 41.Ke2 Ng4
42.h3 Ne5 43.Rf1 b4 44.Nd6 Bc3 45.Ne4+ Kh6 46.Nxc3 bxc3 47.Rc1 {#r} 1-0

[Event "ch-POR Blitz 2017"]
[Site "Almada POR"]
[Date "2017.06.10"]
[Round "9.4"]
[White "Pereira,Ant2"]
[Black "Carneiro,C"]
[Result "1-0"]
[WhiteElo "2139"]
[BlackElo "2175"]

1.Nf3 Nf6 2.g3 g6 3.Bg2 Bg7 4.O-O O-O 5.c4 d5 6.cxd5 Nxd5 7.Nc3 Nb6 8.d3 c6
9.Bd2 Bg4 10.Qc2 Qd7 11.Rfc1 Bh3 12.Bh1 h6 13.b4 Na6 14.Rab1 Nc7 15.Ne4 Ne6
16.Bc3 Rac8 17.Nc5 Nxc5 18.bxc5 Nd5 19.Bxg7 Kxg7 20.Qb2+ Kg8 21.Qxb7 Rc7
22.Qb2 f6 23.e4 Nf4 24.Ne1 Qg4 25.f3 Qg5 26.Qd2 e5 27.Rb2 Rd8 28.Rc3 Rcd7
29.Kf2 Nxd3+ 30.Nxd3 Rxd3 31.Rxd3 {#r} 1-0

[Event "ch-POR Blitz 2017"]
[Site "Almada POR"]
[Date "2017.06.10"]
[Round "9.5"]
[White "Ferreira,Hugo Miguel Da Costa"]
[Black "Pereira,Rub"]
[Result "0-1"]
[WhiteElo "2063"]
[BlackElo "2416"]

1.d4 Nf6 2.Nf3 e6 3.Bg5 Be7 4.e3 O-O 5.Nbd2 b6 6.Bd3 Bb7 7.O-O d6 8.c3 Nbd7
9.Qc2 Re8 10.e4 e5 11.dxe5 dxe5 12.Rad1 Bf8 13.Nc4 Qe7 14.Ne3 g6 15.c4 c6
16.Qe2 Bg7 17.h3 h6 18.Bh4 Nc5 19.Ng4 g5 20.Nxf6+ Bxf6 21.Bg3 Ne6 22.Nxe5 Nd4
23.Qh5 Bxe5 24.Qxh6 Qf6 25.Qh5 Qg6 26.Qg4 Bc8 27.Bxe5 Bxg4 28.Bxd4 Bxd1
29.Rxd1 Rad8 30.Bc3 Qxe4 {#R} 0-1

[Event "ch-POR Blitz 2017"]
[Site "Almada POR"]
[Date "2017.06.10"]
[Round "10.1"]
[White "Silva,Mi3"]
[Black "Damaso,R"]
[Result "0-1"]
[WhiteElo "2213"]
[BlackElo "2434"]

1.d4 d5 2.c4 dxc4 3.Nf3 Nf6 4.e3 Bg4 5.Bxc4 e6 6.Nc3 Nc6 7.O-O Bd6 8.h3 Bh5
9.Be2 O-O 10.e4 Bxf3 11.Bxf3 Nxd4 12.Be3 c5 13.Rc1 b6 14.g3 Nxf3+ 15.Qxf3 Be5
16.Rfd1 Qc8 17.Qe2 Qb7 18.f3 Bxg3 19.Qg2 Be5 20.Bh6 Nh5 21.Qg4 Bd4+ 22.Kh1 g6
23.Bxf8 Rxf8 24.Ne2 Bxb2 25.Rc2 Be5 26.Rcd2 Qc6 27.Rd7 Qb5 28.R1d2 Nf6 {#R}
0-1

[Event "ch-POR Blitz 2017"]
[Site "Almada POR"]
[Date "2017.06.10"]
[Round "10.3"]
[White "Dias,P"]
[Black "Pires,E"]
[Result "0-1"]
[WhiteElo "2320"]
[BlackElo "2054"]

1.d4 Nf6 2.c4 e5 3.dxe5 Ng4 4.Nf3 Nc6 5.Bf4 f6 6.e6 Bb4+ 7.Nc3 Qe7 8.exd7+
Bxd7 9.e3 O-O-O 10.Qc2 h5 11.Be2 g5 12.Bg3 h4 13.h3 hxg3 14.fxg3 Nxe3 15.Qb3
Na5 {#R} 0-1

[Event "ch-POR Blitz 2017"]
[Site "Almada POR"]
[Date "2017.06.10"]
[Round "10.4"]
[White "Pereira,Rub"]
[Black "Pacheco,Joa"]
[Result "1-0"]
[WhiteElo "2416"]
[BlackElo "2126"]

1.e4 d6 2.d4 c6 3.Nc3 Nf6 4.Be3 e5 5.Qd2 Qc7 6.f3 Be7 7.Nge2 b5 8.O-O-O a6
9.g4 h6 10.Ng3 Be6 11.h4 Qb7 12.Be2 Bc4 13.Nf5 Bf8 14.dxe5 Be7 {#r} 1-0

[Event "ch-POR Blitz 2017"]
[Site "Almada POR"]
[Date "2017.06.10"]
[Round "10.5"]
[White "Pereira,Ant2"]
[Black "Dias,Ricardo Pedro Cruz"]
[Result "1-0"]
[WhiteElo "2139"]
[BlackElo "2196"]

1.Nf3 d5 2.c4 c6 3.b3 Bg4 4.e3 Nd7 5.Bb2 Ngf6 6.Be2 e6 7.O-O Bd6 8.d3 O-O 9.h3
Bh5 10.Nbd2 Qe7 11.a3 a5 12.Re1 e5 13.cxd5 cxd5 14.e4 d4 15.Nc4 Bc5 16.a4 Ne8
17.Nxd4 Bxe2 18.Nxe2 Qf6 19.d4 exd4 20.Bxd4 Qc6 21.Bxc5 Nxc5 22.Qc2 Nd6 23.Nd4
Qc7 24.Nxd6 Qxd6 25.Nf5 Qb6 26.Re3 Rac8 27.Ne7+ Kh8 28.Nxc8 Rxc8 29.Rc3 Qf6
30.Re1 b6 31.Rc4 Qe5 32.b4 axb4 33.Rxb4 Rc6 34.Rc4 h6 35.a5 bxa5 36.Rc1 {#r}
1-0

[Event "ch-POR Blitz 2017"]
[Site "Almada POR"]
[Date "2017.06.10"]
[Round "10.7"]
[White "Rodrigues,Af"]
[Black "Rocha,S"]
[Result "0-1"]
[WhiteElo "2152"]
[BlackElo "2383"]

1.e4 c6 2.Nc3 d5 3.g3 Nf6 4.Bg2 Bg4 5.f3 Bh5 6.g4 Bg6 7.d3 e5 8.Nge2 Bc5 9.Bg5
Nbd7 10.exd5 Qb6 11.dxc6 bxc6 12.Bh4 O-O 13.Ne4 Be3 14.Nxf6+ Nxf6 15.Bxf6 gxf6
16.h4 h6 17.Ng3 Bf2+ 18.Kf1 Bxg3 19.Qe2 Qxb2 20.Rd1 Qd4 21.g5 fxg5 22.hxg5 h5
23.f4 Qxf4+ 24.Bf3 h4 25.Kg2 Rad8 26.Rhf1 Qxg5 27.Kh1 Rd4 28.Be4 Bxe4+ 29.dxe4
Rfd8 30.Rxd4 Rxd4 31.Rf5 Qc1+ 32.Kg2 Rd2 {#R} 0-1

[Event "ch-POR Blitz 2017"]
[Site "Almada POR"]
[Date "2017.06.10"]
[Round "10.8"]
[White "Leonardo,Joa"]
[Black "Carneiro,C"]
[Result "1-0"]
[WhiteElo "2225"]
[BlackElo "2175"]

1.d3 Nf6 2.g3 c5 3.Bg2 Nc6 4.Nc3 g6 5.e4 d6 6.f4 Bg7 7.Nf3 O-O 8.O-O e6 9.h3
Rb8 10.Be3 b6 11.a3 Bb7 12.g4 h5 13.g5 Nd7 14.h4 Nd4 15.Rb1 f5 16.gxf6 Nxf6
17.Ng5 Qe7 18.Bxd4 cxd4 19.Ne2 Ng4 20.Qd2 e5 21.c3 Ne3 22.Rf3 Nxg2 23.Kxg2 d5
24.Rg3 dxc3 25.bxc3 dxe4 26.dxe4 Rbd8 27.Qe3 Qd6 28.Rf1 Bc8 29.fxe5 Bxe5
30.Rxf8+ Rxf8 31.Rf3 Bg4 32.Rxf8+ Qxf8 33.Nd4 Qxa3 34.Qf2 Qe7 35.Nc6 {#r} 1-0

[Event "ch-POR Blitz 2017"]
[Site "Almada POR"]
[Date "2017.06.10"]
[Round "11.1"]
[White "Damaso,R"]
[Black "Pires,E"]
[Result "1-0"]
[WhiteElo "2434"]
[BlackElo "2054"]

1.Nf3 d5 2.g3 Nf6 3.Bg2 c5 4.O-O e6 5.c4 d4 6.e3 Nc6 7.exd4 cxd4 8.Re1 Be7
9.d3 O-O 10.a3 a5 11.Bg5 h6 12.Bxf6 Bxf6 13.Nbd2 a4 14.Rc1 e5 15.c5 Bg4 16.h3
Be6 17.Nc4 Qc7 18.Nfd2 Be7 19.Ne4 f5 20.Ned6 f4 21.Qh5 Bf6 22.Nb6 Rad8 23.Nd5
Qd7 24.Nxf4 exf4 25.Rxe6 fxg3 26.fxg3 Ne7 27.Rce1 b6 28.c6 Qc7 29.Nb5 Qc8
30.Rxe7 Bxe7 31.Rxe7 Rf6 32.c7 Rdf8 33.Qg4 Qxg4 34.hxg4 Kh7 35.Be4+ Kh8 36.Rd7
Rf1+ 37.Kh2 R8f2+ 38.Kh3 Rc2 39.Rd8+ {#r} 1-0

[Event "ch-POR Blitz 2017"]
[Site "Almada POR"]
[Date "2017.06.10"]
[Round "11.5"]
[White "Fernandes,Ant"]
[Black "Leonardo,Joa"]
[Result "1-0"]
[WhiteElo "2468"]
[BlackElo "2225"]

1.d4 d6 2.Nf3 Bg4 3.Nbd2 Nd7 4.g3 c6 5.Bg2 Ngf6 6.O-O e5 7.c4 Be7 8.Qc2 O-O
9.e4 Re8 10.Re1 Bf8 11.b3 Qc7 12.Bb2 Rad8 13.Nh4 Nb6 14.h3 Bc8 15.c5 Nbd7
16.cxd6 Bxd6 17.f4 Nh5 18.fxe5 Bf8 19.Nf5 g6 20.g4 Nf4 21.Ne3 c5 22.Nd5 Nxd5
23.exd5 b6 24.d6 Qb8 25.d5 Bg7 26.e6 Qxd6 27.exd7 Bxd7 28.Bxg7 Kxg7 29.Qc3+ f6
30.Ne4 Qf4 31.Rf1 Qe5 32.Qxe5 Rxe5 33.Nxf6 Bb5 34.Rf2 Rh8 {#r} 1-0

[Event "ch-POR Blitz 2017"]
[Site "Almada POR"]
[Date "2017.06.10"]
[Round "11.6"]
[White "Andrade,B"]
[Black "Dias,P"]
[Result "0-1"]
[WhiteElo "2022"]
[BlackElo "2320"]

1.e4 e5 2.Nf3 Nc6 3.Bc4 Nf6 4.d3 h6 5.Nc3 d6 6.h3 Na5 7.Bb5+ c6 8.Ba4 b5 9.Bb3
Nxb3 10.axb3 a5 11.O-O Be6 12.d4 Qc7 13.b4 Bc4 14.Re1 exd4 15.Nxd4 Be7 16.Nf5
O-O 17.bxa5 b4 18.Qd4 bxc3 19.Qxc4 Rfe8 20.Qxc3 Bf8 21.Nxh6+ Kh7 22.Ng4 Nxe4
23.Qd3 f5 24.Ne3 g6 25.Nc4 d5 26.Nd2 Rxa5 27.Rxa5 Qxa5 28.Nb3 Qxe1+ 29.Kh2
Qxf2 30.Nd4 Bd6+ {#R} 0-1

[Event "ch-POR Blitz 2017"]
[Site "Almada POR"]
[Date "2017.06.10"]
[Round "11.7"]
[White "Ferreira,C1"]
[Black "Rego,P"]
[Result "0-1"]
[WhiteElo "2024"]
[BlackElo "2245"]

1.f4 d5 2.Nf3 Nf6 3.e3 Bf5 4.d4 h6 5.Bd3 e6 6.O-O Be7 7.c3 O-O 8.Ne5 Be4 9.Nd2
Bxd3 10.Nxd3 Nbd7 11.Qf3 c5 12.Ne5 Bd6 13.Kh1 Qe7 14.b3 Rac8 15.Bb2 cxd4
16.exd4 Ba3 17.Bxa3 Qxa3 18.Nxd7 Nxd7 19.c4 Qb2 20.Qd3 Qa3 21.c5 Nf6 22.Qf3 b6
23.cxb6 axb6 24.Qd3 Rc6 25.Nf3 Rfc8 26.Ne5 Rc3 27.Qd2 Ne4 28.Qd1 Rc2 29.Ng4
{#R} 0-1

[Event "ch-POR Blitz 2017"]
[Site "Almada POR"]
[Date "2017.06.10"]
[Round "11.8"]
[White "Ulyanovskyy,Vi"]
[Black "Pereira,Fe1"]
[Result "1-0"]
[WhiteElo "2216"]
[BlackElo "2067"]

1.e4 d6 2.d4 Nf6 3.Nc3 Nbd7 4.Be3 c6 5.Qd2 e5 6.f3 Be7 7.O-O-O Qc7 8.g4 a6
9.Nge2 b5 10.Ng3 Nb6 11.g5 Nfd7 12.Nf5 g6 13.Nxe7 Kxe7 14.f4 b4 15.Nb1 a5
16.h4 Ba6 17.Bxa6 Rxa6 18.b3 Rb8 19.h5 a4 20.hxg6 hxg6 21.Rh7 axb3 22.axb3 Nf8
23.dxe5 dxe5 24.Bc5+ Ke8 25.Rh8 Nd7 26.Bd6 Qb6 27.Bxb8 Qxb8 28.Qxd7# 1-0

[Event "ch-GER Youth U18 Girls"]
[Site "Willingen GER"]
[Date "2017.06.06"]
[Round "4.2"]
[White "Sieber,Fiona"]
[Black "Rogozenco,Teodora"]
[Result "0-1"]
[WhiteElo "2324"]
[BlackElo "2136"]

1.e4 d6 2.d4 Nf6 3.Nc3 e5 4.Nf3 Nbd7 5.Bc4 Be7 6.O-O O-O 7.a4 a5 8.Re1 c6
9.Ba2 exd4 10.Qxd4 Ne5 11.Bf4 Nxf3+ 12.gxf3 Nh5 13.Bg3 Nxg3 14.hxg3 h5 15.Rad1
h4 16.Kg2 b6 17.Ne2 Ra7 18.c3 Bf6 19.Qd2 Rd7 20.Nd4 Qc7 21.Rh1 hxg3 22.fxg3
Rdd8 23.Rh2 Rfe8 24.Rdh1 g6 25.Qf4 Be5 26.Qg5 d5 27.Rh7 Bg7 28.Qh4 Kf8 29.exd5
cxd5 30.Bb1 Qe5 31.Bd3 Bd7 32.f4 Qe3 33.Nf3 Qxd3 34.Rh8+ Bxh8 35.Qxh8+ Ke7
36.Re1+ Kd6 37.Qf6+ Kc7 38.Re7 Rxe7 39.Qxe7 Re8 {#R} 0-1

[Event "ch-GER Youth U18 Girls"]
[Site "Willingen GER"]
[Date "2017.06.08"]
[Round "7.2"]
[White "Wiesner,P"]
[Black "Sieber,Fiona"]
[Result "0-1"]
[WhiteElo "2068"]
[BlackElo "2324"]

1.d4 Nf6 2.Nf3 e6 3.c4 b6 4.e3 Bb7 5.Be2 Be7 6.Nc3 d5 7.O-O O-O 8.cxd5 exd5
9.Qc2 Nbd7 10.Rd1 Re8 11.Rb1 c6 12.b4 Bd6 13.a4 Qe7 14.b5 c5 15.dxc5 bxc5
16.Bb2 Ne5 17.Nxe5 Qxe5 18.g3 d4 19.Qd3 dxc3 20.Bxc3 Qe4 21.Qxe4 Nxe4 {#R} 0-1

[Event "ch-GER Youth U25 2017"]
[Site "Willingen GER"]
[Date "2017.06.05"]
[Round "3.1"]
[White "Wenninger,P"]
[Black "Hartmann,Jakob"]
[Result "1-0"]
[WhiteElo "2345"]
[BlackElo "2158"]

1.d4 d5 2.c4 c6 3.Nf3 Nf6 4.Nc3 e6 5.e3 Nbd7 6.Qc2 Bd6 7.b3 O-O 8.Be2 b6 9.O-O
Bb7 10.Bb2 Rc8 11.Rad1 Qe7 12.Rfe1 c5 13.cxd5 Nxd5 14.Nxd5 Bxd5 15.e4 Bb7
16.Qc3 c4 17.bxc4 Bb4 18.Qb3 Bxe4 19.Rf1 Rfd8 20.Qe3 Nf6 21.Ne5 Qb7 22.f3 Bc2
23.Rc1 Ba4 24.f4 Nd7 25.Rf3 Nxe5 26.fxe5 Bc6 27.Rg3 Be4 28.Rf1 Bg6 29.Kh1 Be7
30.Qf4 Qe4 31.Qxe4 Bxe4 32.Rd1 b5 33.c5 a6 34.Ra1 Bg6 35.Rb3 Bc2 36.Ra3 Bxc5
37.dxc5 Rd2 38.Bf3 b4 39.Rxa6 Bd3 40.Rd6 Rxb2 41.Rxd3 Kf8 42.c6 {#r} 1-0

[Event "ch-GER Youth U25 2017"]
[Site "Willingen GER"]
[Date "2017.06.05"]
[Round "3.3"]
[White "Reuker,Jari"]
[Black "Knudsen,Simon"]
[Result "1-0"]
[WhiteElo "2169"]
[BlackElo "2004"]

1.d4 d5 2.c4 Nc6 3.Nc3 dxc4 4.d5 Na5 5.Qa4+ c6 6.b4 cxb3 7.axb3 b6 8.b4 Nb7
9.dxc6 Nd6 10.g3 a6 11.Bg2 b5 12.Qd1 e6 13.Bf4 Qf6 14.Rc1 Nc4 15.c7 e5 16.Bc6+
Ke7 17.Qd8+ Ke6 18.Bxa8 {#r} 1-0

[Event "ch-GER Youth U25 2017"]
[Site "Willingen GER"]
[Date "2017.06.05"]
[Round "3.4"]
[White "Rieper,Julian"]
[Black "Denisov,Vladis"]
[Result "0-1"]
[WhiteElo "2064"]
[BlackElo "2172"]

1.e4 e5 2.Nf3 Nf6 3.Nc3 Nc6 4.Bb5 Nd4 5.Bc4 d6 6.h3 Be6 7.d3 Bxc4 8.dxc4 Nxf3+
9.Qxf3 Be7 10.Bd2 O-O 11.g4 Nd7 12.h4 Nc5 13.Nd5 Ne6 14.O-O-O c6 15.Nxe7+ Qxe7
16.Qg3 Rab8 17.g5 b5 18.cxb5 Rxb5 19.Qa3 Rfb8 20.Be3 c5 21.f3 Qc7 22.Kb1 Qb7
23.b3 Qc7 24.c4 R5b7 25.Qa6 Rb6 26.Qa3 a5 27.Rd3 Ra8 28.Kc2 a4 29.Qb2 axb3+
30.Rxb3 Rba6 31.a3 Nd4+ 32.Bxd4 cxd4 33.Kd3 Ra4 34.Rc1 g6 35.Rc2 Kg7 36.Qc1
Qc5 37.Ra2 Rc8 38.Rc2 Rc7 39.f4 Rca7 40.fxe5 Rxa3 41.Rb2 Rb7 42.Qc2 dxe5
43.Rb1 Qb4 44.Rxa3 Qxa3+ 45.Kd2 Qe3+ {#R} 0-1

[Event "ch-GER Youth U25 2017"]
[Site "Willingen GER"]
[Date "2017.06.05"]
[Round "3.7"]
[White "Gressmann,Moritz"]
[Black "Parvanyan,Ashot"]
[Result "0-1"]
[WhiteElo "2100"]
[BlackElo "2393"]

1.c4 Nf6 2.Nc3 g6 3.g3 Bg7 4.Bg2 O-O 5.Nf3 d6 6.O-O c5 7.a3 Nc6 8.Rb1 a5 9.d3
Bd7 10.b3 Ne8 11.Bb2 Nc7 12.e3 Rb8 13.Qc2 b5 14.cxb5 Nxb5 15.Nxb5 Rxb5 16.Bxg7
Kxg7 17.Rfd1 Qb6 18.Nd2 Rb8 19.Bd5 Qd8 20.Ne4 R5b6 21.Nc3 Rc8 22.Bg2 Bg4
23.Rdc1 Qd7 24.Nd5 Rbb8 25.f4 h5 26.h4 f6 27.Qd2 Be6 28.Bf3 Qe8 29.Qg2 Bf5
30.Be4 Qd7 31.Nc3 Bxe4 32.Qxe4 Qh3 33.Kf2 Qh2+ 34.Kf3 Qh3 35.Kf2 Qh2+ 36.Kf3
g5 37.hxg5 fxg5 38.Qd5 Ne5+ 39.Ke4 Qg2+ 40.Kf5 Rf8+ 41.Ke6 Qh3+ {#R} 0-1

[Event "ch-GER Youth U25 2017"]
[Site "Willingen GER"]
[Date "2017.06.06"]
[Round "4.1"]
[White "Denisov,Vladis"]
[Black "Wenninger,P"]
[Result "0-1"]
[WhiteElo "2172"]
[BlackElo "2345"]

1.e4 c6 2.d4 d5 3.Nd2 dxe4 4.Nxe4 Bf5 5.Ng3 Bg6 6.Nf3 Nd7 7.Bd3 e6 8.O-O Ngf6
9.b3 Be7 10.Bb2 O-O 11.Bxg6 hxg6 12.c4 Qc7 13.Qc2 Rad8 14.Rfe1 Rfe8 15.a3 a5
16.Rad1 b6 17.Ne5 c5 18.Ne4 cxd4 19.Nxf7 Ng4 20.Nxd8 Qxh2+ 21.Kf1 Bxd8 22.Bxd4
Rf8 23.Qd3 e5 24.Be3 Qh5 25.Ng3 Qh4 26.Qxd7 Qxg3 27.Ke2 Nxf2 28.Qe6+ Kh7
29.Rh1+ Bh4 30.Rdf1 Nxh1 31.Rxf8 Qe1+ 32.Kd3 Qb1+ 33.Kc3 Be1+ 34.Bd2 Qc1+
35.Kd3 Qxd2+ 36.Ke4 Qd4+ {#R} 0-1

[Event "ch-GER Youth U25 2017"]
[Site "Willingen GER"]
[Date "2017.06.06"]
[Round "4.8"]
[White "Tresch,Lukas"]
[Black "Ciolek,Andreas"]
[Result "0-1"]
[WhiteElo "2032"]
[BlackElo "2226"]

1.e4 c5 2.Nf3 d6 3.d4 cxd4 4.Nxd4 Nf6 5.Nc3 a6 6.Be3 e5 7.Nb3 Be6 8.f3 Be7
9.Qd2 O-O 10.O-O-O a5 11.Bb5 Na6 12.Kb1 Nc7 13.Bb6 Qc8 14.a4 Nxb5 15.Nxb5 Qc6
16.Be3 d5 17.Bg5 dxe4 18.Bxf6 Bxf6 19.fxe4 Bxb3 20.cxb3 Qxe4+ 21.Ka2 Rfd8
22.Qf2 Qg4 23.Rd6 e4 24.Rc1 Rxd6 25.Nxd6 e3 26.Qxe3 Bg5 27.Rc4 Qxc4 28.Qxg5
Qe6 29.Nf5 g6 30.Nh6+ Kg7 31.Ng4 f5 32.Ne3 b5 33.Qf4 bxa4 34.Qd4+ Kg8 35.Nd5
axb3+ 36.Kxb3 Rd8 {#R} 0-1

[Event "ch-GER Youth U25 2017"]
[Site "Willingen GER"]
[Date "2017.06.06"]
[Round "4.10"]
[White "Hartmann,Jakob"]
[Black "Yi,Danny"]
[Result "1-0"]
[WhiteElo "2158"]
[BlackElo "2042"]

1.e4 e5 2.Nf3 Nc6 3.Bc4 Bc5 4.O-O Nf6 5.d4 exd4 6.e5 d5 7.exf6 dxc4 8.fxg7 Rg8
9.Bg5 Qd5 10.Re1+ Be6 11.Nc3 Qf5 12.Ne4 Be7 13.Bxe7 Kxe7 14.Nxd4 Nxd4 15.Qxd4
b6 16.Rad1 Qg6 17.Qe5 Rac8 18.Ng3 Rgd8 19.Rxd8 Kxd8 20.Nh5 Ke7 21.Nf4 Qg4
22.f3 {#r} 1-0

[Event "ch-GER Youth U25 2017"]
[Site "Willingen GER"]
[Date "2017.06.06"]
[Round "5.2"]
[White "Reuker,Jari"]
[Black "Weber,Da"]
[Result "1-0"]
[WhiteElo "2169"]
[BlackElo "2058"]

1.e4 e6 2.d4 d5 3.Nd2 Nf6 4.e5 Nfd7 5.Bd3 c5 6.c3 b5 7.Ne2 Qb6 8.f4 Nc6 9.Nf3
Be7 10.O-O b4 11.Kh1 Ba6 12.f5 Bxd3 13.Qxd3 O-O 14.Ng5 Bxg5 15.Bxg5 bxc3
16.bxc3 cxd4 17.cxd4 f6 18.fxe6 Ndxe5 19.dxe5 fxg5 20.Qxd5 Rxf1+ 21.Rxf1 Rd8
22.e7+ {#r} 1-0

[Event "ch-GER Youth U25 2017"]
[Site "Willingen GER"]
[Date "2017.06.06"]
[Round "5.4"]
[White "Holtel,Jasper"]
[Black "Orshonova,Elena"]
[Result "1-0"]
[WhiteElo "2293"]
[BlackElo "2019"]

1.e4 e5 2.Nf3 Nc6 3.Bc4 Bc5 4.O-O Nf6 5.d3 O-O 6.h3 d6 7.c3 a6 8.Re1 b5 9.Bb3
Re8 10.Nbd2 Bb6 11.Nf1 Ne7 12.Ng3 Ng6 13.d4 c5 14.d5 Qc7 15.Bc2 c4 16.Bg5 Qa7
17.Qd2 Bd8 18.Nf5 Bxf5 19.exf5 Nf8 20.Nh2 Qc5 21.Rad1 N8d7 22.Nf1 Nb6 23.Ng3
Qc7 24.Bxf6 Bxf6 25.Ne4 Qe7 26.Qe3 Nd7 27.a4 h6 28.Ra1 Bg5 29.Qf3 Nf6 30.Ra2
Nxe4 31.Qxe4 Bf6 32.b3 Qc7 33.b4 Reb8 34.Rea1 Qb7 35.Qf3 Bd8 36.Be4 a5 37.axb5
Qxb5 38.Qe2 Ra6 39.bxa5 Qc5 40.Rb2 Rc8 41.Rab1 Rxa5 42.Rb7 Ra7 43.R7b5 Qa3
44.Qf3 Bf6 45.g3 Ra5 46.Rb8 Rxb8 47.Rxb8+ Kh7 48.Qh5 Qc1+ 49.Kg2 Ra1 50.Qg6+
{#r} 1-0